000 00404nam a22001337a 4500
005 20250417090730.0
008 241111b |||||||| |||| 00| 0 eng d
020 _a9780406902795
245 _aThe All England Law Reports 1998 Vol. 2
_cEdited by Vandridge-Ames Caroline LLM
260 _aLondon
_bButterworths
_c1998
300 _axix, 1024 cm
_c23.5 cm
650 _2Law Reports
_xEngland
942 _2lcc
_cBK
_n0
999 _c985
_d985